00381nam a22001337a 4500003000400000020001800004082001800022100001700040245007700057250000800134260006600142300001100208650002800219SGT a9789386217936 a617.601bP17J a John Joseph aTextbook of Preventive and Community Dentistry: Public Health Dentistry  a3RD aNEW DELHIbCBS Publishers & Distributors Pvt Ltd, Indiac2017 a442.00 aPublic Health Dentistry